000 00561nam a2200145Ia 4500
008 220620s9999||||xx |||||||||||||| ||und||
020 _a9788860000000
022 _a2612-7679
100 _aSiedina, Giovanna::0000-0002-3336-552X::600
245 0 _aEssays on the Spread of Humanistic and Renaissance Literary Civilization in the Slavic World (15th-17th Century). An Introduction
546 _aEnglish[eng]
650 _aHumanism||the Renaissance||Slavic cultures and literatures
856 _uhttps://www.fupress.com/redir.ashx?RetUrl=15415.pdf
942 _cEB
999 _c35047
_d35047